Statistics for Geography #4

Click here to take the quiz!

General Stats

  • This quiz has been taken 28 times
  • The average score is 5 of 9

Answer Stats

HintAnswer% Correct
Latin name for this city is VenetiaeVenice
96%
Country historically known as BohemiaCzechia
85%
Coldest place on earthAntarctica
78%
Poorest Middle Eastern countryYemen
78%
The smallest African country by areaSeychelles
56%
Largest UK county by areaYorkshire
33%
Most Galician speakers live hereGalicia
30%
Capital city of Hunan province, ChinaChangsha
7%
City-state also known as LacedaemonSparta
7%

Score Distribution

Percentile by Number Answered

Percent of People with Each Score

Your Score History

You have not taken this quiz